Ten Least Guessed Countries in the Americas - Statistics

General Stats
  • This quiz has been taken 27 times
  • The average score is 9 of 10
Answer Stats
Hint Answer % Correct
32% Trinidad and Tobago
100%
32% Barbados
96%
23% Saint Kitts and Nevis
96%
42% Belize
92%
20% Grenada
88%
41% Guyana
88%
25% Saint Lucia
88%
19% Saint Vincent and the Grenadines
88%
39% Suriname
88%
24% Antigua and Barbuda
83%
No matching quizzes found
Score Distribution
Percent of People with Each Score
Percentile by Number Answered
Your Score History
You have not taken this quiz